000 00888cab a2200265 4500
001 WB3035-31
008 090401t1994 xxu||||| |||| 00| 0 eng d
035 _a(Sirsi) u52897
041 _aeng
245 _aHousebuilders free to fly their flags
260 _c1994
350 _a0
490 _aDoE News Release
_v(530) 15 September 1994 (2)
520 _aTown and Country Planning (Control of Advertisements) (Amendment) Regulations 1994 provide deemed consent for company flags on building sites.
650 _aADVERTISEMENTS
650 _aBUILDING SITES
650 _aDEEMED CONSENT
650 _aFLAGS
650 _aILLUMINATED SIGNS
650 _aTOWN AND COUNTRY PLANNING (CONTROL OF ADVERTISEMENTS) (AMENDMENT)
650 _aTOWN AND COUNTRY PLANNING (CONTROL OF ADVERTISEMENTS) REGU
690 _aPLANNING LAW AND PRACTICE
942 _n0
948 _c04/03/1997
999 _c32646
_d32646